| 000 | 00725nam a2200229 a 4500 | ||
|---|---|---|---|
| 003 | MX-MxUPN | ||
| 005 | 20250605063849.0 | ||
| 008 | 051205s2004 mx r 000 0 spa d | ||
| 020 | _a9685927030 | ||
| 035 | _aUPN01000141386 | ||
| 040 |
_aMX-MxUPN _bspa _cMX-MxUPN |
||
| 041 | 0 | _aspa | |
| 050 | 4 |
_aBD175.5 M8.4 _bF6.7 |
|
| 100 | 1 |
_aFornet-Betancourt, Raúl, _d1946- _940909 |
|
| 245 | 1 | 0 | _aReflexiones de Raúl Fornet-Betancourt sobre el concepto de interculturalidad |
| 260 |
_aMéxico : _bConsorcio intercultural, _c2004. |
||
| 300 | _a85 páginas | ||
| 650 | 4 |
_aMulticulturalismo _zAmérica Latina _97636 |
|
| 650 | 4 |
_aFilosofía latinoamericana _910506 |
|
| 650 | 4 |
_aFilosofía moderna _98266 |
|
| 942 |
_2lcc _cLIBRO |
||
| 999 |
_c113533 _d113533 |
||